Normal view
MARC view
- Ramírez Quintana, Pedro Ángel
Entry Nombre Personal
001 - NUMERO DE CONTROL
- campo de control: 43844
003 - IDENTIFICADOR DE NUMERO DE CONTROL
- campo de control: DLC
005 - FECHA Y HORA DE LA ÜLTIMA TRANSACCIÓN
- campo de control: 20220223095317.0
008 - DATOS DE LONGITUD FIJA
- campo de control de longitud fija: 180802n| azannaabn |a aaa d
010 ## - NÚMERO DE CONTROL DE LA BIBLIOTECA DEL CONGRESO
- Número de control LC: n 2018045181
040 ## - FUENTE DE CATALOGACIÓN
- Agencia original de catalogación: DLC
- Lenguaje de catalogación: spa
- Agencia de transcripción: DLC
- Agencia que lo modifica: MX-MxUPN
100 1# - ENCABEZAMIENTO - NOMBRE PERSONAL
- Nombre personal: Ramírez Quintana, Pedro Ángel
670 ## - FUENTE EN LA QUE SE LOCALIZARON DATOS
- Cita de la fuente: Documentos lingüísticos de la Nueva España. Provincia de Campeche, 2016:
- Información localizada: portada (Pedro Ángel Ramírez Quintana)
902 ## - CATALOGADOR
- Catalogador: VRC/230222
